Homilías para el leccionario (Record no. 77024)

MARC details
000 -LEADER
campo de control de longitud fija 00560nam a2200193 i 4500
001 - NÚMERO DE CONTROL
campo de control 77024
003 - IDENTIFICADOR DE NÚMERO DE CONTROL
campo de control ES-MaACL
005 - FECHA Y HORA DE LA ÚLTIMA TRANSACCIÓN
campo de control 20230906173042.0
007 - CAMPO FIJO DE DESCRIPCIÓN FÍSICA--INFORMACIÓN GENERAL
campo de control de longitud fija t|
008 - DATOS DE LONGITUD FIJA--INFORMACIÓN GENERAL
campo de control de longitud fija 041006s1970 sp ||||1| spa d
100 1# - ENTRADA PRINCIPAL--NOMBRE DE PERSONA
Nombre de persona Gutiérrez, Guillermo.
9 (RLIN) 61054
245 10 - MENCIÓN DEL TÍTULO
Título Homilías para el leccionario
Resto del título : ciclo C /
Mención de responsabilidad, etc. por Guillermo Gutiérrez.
260 ## - PUBLICACIÓN, DISTRIBUCIÓN, ETC.
Lugar de publicación, distribución, etc. Santander :
Nombre del editor, distribuidor, etc. Sal Terrae,
Fecha de publicación, distribución, etc. [1970]
300 ## - DESCRIPCIÓN FÍSICA
Extensión 406 p. ;
Dimensiones 22 cm.
490 1# - MENCIÓN DE SERIE
Mención de serie Cristo hoy ;
Designación de volumen o secuencia 10
830 0# - PUNTO DE ACCESO ADICIONAL DE SERIE-TÍTULO UNIFORME
Título uniforme Cristo hoy ;
Designación de volumen o secuencia 10
9 (RLIN) 176472
852 ## - LOCALIZACIÓN
Ubicación ES-MaACL
Número de control de estantería C-4983
Sublocalización o colección R.88926
Holdings
Estatus retirado Estado de pérdida Estado de daño No para préstamo Biblioteca de origen Biblioteca actual Ubicación en estantería Fecha de adquisición Fuente de adquisición Total de préstamos Signatura topográfica completa Código de barras Visto por última vez Precio de reemplazo Tipo de ítem Koha
        Biblioteca del Ateneo de Madrid Biblioteca del Ateneo de Madrid Sala Palomar 17/01/2008     C-4983 1080593 23/02/2023 23/02/2023 Libro impreso